| 000 | 00875cam a22002414a 4500 | ||
|---|---|---|---|
| 001 | 12043749 | ||
| 005 | 20250122092803.0 | ||
| 008 | 000616s2001 caua b 001 0 eng | ||
| 020 | _a076192289X (c : acidfree paper) | ||
| 020 | _a0761922903 (p : acidfree paper) | ||
| 050 | 0 | 0 |
_aR727.4 _b.L67 2001 |
| 082 | 0 | 0 |
_a615.5/071 _221 |
| 100 | 1 | _aLorig, Kate. | |
| 245 | 1 | 0 |
_aPatient education : _ba practical approach / _cby Kate Lorig and associates. |
| 250 | _a3rd ed. | ||
| 260 |
_aThousand Oaks, Calif. : _bSage Publications, _cc2001. |
||
| 300 |
_axvi, 246 p. ; _bill. ; _c23 cm. |
||
| 650 | 0 | _aPatient education. | |
| 700 | _aAssociates | ||
| 856 | 4 | 2 |
_3Publisher description _uhttp://www.loc.gov/catdir/enhancements/fy0656/00010036-d.html |
| 856 | 4 | 1 |
_3Table of contents only _uhttp://www.loc.gov/catdir/enhancements/fy0656/00010036-t.html |
| 942 |
_2lcc _cBK _e3rd ed. _n0 |
||
| 999 |
_c2758 _d2758 |
||